|
|
|
|
| LEADER |
00702nab a2200169 i 4500 |
| 001 |
misc23662 |
| 005 |
20191111110638.0 |
| 008 |
171004s1893 hu o 0|| zxx d |
| 040 |
|
|
|a SZTE Miscellanea Repozitórium
|b hun
|
| 041 |
|
|
|a zxx
|
| 100 |
1 |
|
|a Márki Sándor
|
| 245 |
1 |
0 |
|a Európa a magyarok honfoglalása s a frank birodalom szétbomlása idejében
|h [elektronikus dokumentum] :
|b magyarázó szöveg s Hölzel és Társa Magyar Földrajzi Intézete által kiadott iskolai falitérképhez /
|c Márki Sándor
|
| 260 |
|
|
|c 1893
|
| 300 |
|
|
|a 1-61
|
| 490 |
0 |
|
|a Kolligátum
|
| 695 |
|
|
|a Európa története - 9-10. sz.
|
| 856 |
4 |
0 |
|u http://misc.bibl.u-szeged.hu/23662/1/koll_008_005_001-061.pdf
|z Dokumentum-elérés
|